000
00351nam a2200145 4500
008
180724s2009||||xo d
245
1
0
_a
Polhodina denne pre zdravé srdce
250
_a
1. vydanie
260
_b
Výber
_a
Bratislava
_c
2009
300
_a
320 s.
020
_a
978-80-8097-020-8
_c
0
041
1
_a
slo
044
_a
xo
_c
SK
958
_a
APR
999
_c
21714
_d
21714